[Event "World Senior Championship F50+/F65+"]
[Site "Katerini"]
[Date "2014.10.31"]
[Round "7.4"]
[White "Saunina, Ludmila"]
[Black "Kasoshvili, Tsiala"]
[Result "1/2-1/2"]
[WhiteElo "2190"]
[BlackElo "2161"]
[EventDate "2014.10.24"]

1. e4 {[%clk 1:30:57]} d5 {[%clk 1:30:35]} 2. exd5 {[%clk 1:31:22]} Qxd5
{[%clk 1:31:03]} 3. Nc3 {[%clk 1:31:45]} Qd8 {[%clk 1:31:31]} 4. d4
{[%clk 1:32:07]} Nf6 {[%clk 1:31:26]} 5. Bc4 {[%clk 1:32:18]} e6 {[%clk 1:31:51]}
6. Nf3 {[%clk 1:32:38]} Be7 {[%clk 1:32:18]} 7. O-O {[%clk 1:32:59]} O-O
{[%clk 1:32:46]} 8. Re1 {[%clk 1:32:59]} Nbd7 {[%clk 1:32:13]} 9. Bg5
{[%clk 1:33:03]} Nb6 {[%clk 1:28:15]} 10. Bb3 {[%clk 1:28:02]} c6
{[%clk 1:28:04]} 11. a4 {[%clk 1:26:08]} a5 {[%clk 1:17:30]} 12. Qe2
{[%clk 1:24:59]} Nbd5 {[%clk 1:15:04]} 13. Ne4 Nxe4 {[%clk 1:10:22]} 14. Bxe7
{[%clk 1:21:10]} Qxe7 {[%clk 1:06:53]} 15. Qxe4 {[%clk 1:21:35]} Qb4
{[%clk 1:05:57]} 16. Ne5 {[%clk 1:16:18]} Nf6 {[%clk 1:00:59]} 17. Qe3
{[%clk 1:15:30]} Rd8 {[%clk 0:59:44]} 18. Rad1 {[%clk 1:15:37]} Bd7
{[%clk 0:50:08]} 19. Nd3 {[%clk 1:10:19]} Qe7 {[%clk 0:48:00]} 20. c3
{[%clk 1:09:46]} Be8 {[%clk 0:47:30]} 21. f4 {[%clk 1:09:16]} Qc7
{[%clk 0:44:41]} 22. Qf3 {[%clk 1:07:58]} b6 {[%clk 0:37:40]} 23. Re5
{[%clk 1:06:15]} Nd7 {[%clk 0:36:03]} 24. Ree1 {[%clk 0:46:04]} c5
{[%clk 0:33:25]} 25. dxc5 {[%clk 0:44:19]} bxc5 {[%clk 0:33:08]} 26. Qe4
{[%clk 0:40:19]} Nb6 {[%clk 0:20:19]} 27. Ne5 {[%clk 0:38:53]} c4
{[%clk 0:19:43]} 28. Bc2 {[%clk 0:34:21]} g6 {[%clk 0:19:50]} 29. Kh1
{[%clk 0:25:18]} Qc5 {[%clk 0:14:47]} 30. h4 {[%clk 0:25:20]} Qf2
{[%clk 0:14:10]} 31. Nf3 {[%clk 0:25:14]} Nxa4 {[%clk 0:13:13]} 32. Rxd8
{[%clk 0:22:44]} Rxd8 {[%clk 0:13:40]} 33. Bxa4 {[%clk 0:23:07]} Bxa4
{[%clk 0:14:04]} 34. Qxc4 {[%clk 0:23:34]} Be8 {[%clk 0:03:40]} 35. Qe2
{[%clk 0:22:22]} Qb6 {[%clk 0:02:27]} 36. Ne5 {[%clk 0:21:03]} Rb8
{[%clk 0:02:42]} 37. Ng4 {[%clk 0:20:37]} Qxb2 {[%clk 0:02:13]} 38. Nf6+
{[%clk 0:19:56]} Kf8 {[%clk 0:02:34]} 39. Qe5 {[%clk 0:19:52]} Bc6
{[%clk 0:02:20]} 40. Nxh7+ {[%clk 0:50:03]} Kg8 {[%clk 0:31:02]} 41. Nf6+
{[%clk 0:50:23]} Kf8 {[%clk 0:21:30]} 42. Qd6+ {[%clk 0:47:18]} Kg7
{[%clk 0:21:23]} 43. Qxc6 {[%clk 0:47:35]} Kxf6 {[%clk 0:21:47]} 44. Qc7
{[%clk 0:47:48]} Rb5 {[%clk 0:18:27]} 45. Qd8+ {[%clk 0:42:53]} Kg7
{[%clk 0:18:46]} 46. Qd4+ {[%clk 0:43:11]} Kh7 {[%clk 0:19:01]} 47. Kh2
{[%clk 0:35:20]} Rd5 {[%clk 0:18:05]} 48. Qf6 {[%clk 0:34:49]} Rf5
{[%clk 0:17:32]} 49. Qd4 {[%clk 0:34:52]} a4 {[%clk 0:16:08]} 50. Qxa4
{[%clk 0:32:36]} Qxc3 {[%clk 0:12:37]} 51. Qe4 {[%clk 0:32:05]} Qd2
{[%clk 0:12:33]} 52. Kg3 {[%clk 0:26:35]} e5 {[%clk 0:06:25]} 53. fxe5
{[%clk 0:25:53]} Qf2+ {[%clk 0:05:39]} 54. Kg4 {[%clk 0:24:42]} Qd2
{[%clk 0:05:01]} 55. g3 {[%clk 0:22:44]} Rf2 {[%clk 0:04:15]} 56. Qe3
{[%clk 0:19:44]} Qa2 {[%clk 0:04:32]} 57. e6 {[%clk 0:14:28]} Qc4+
{[%clk 0:03:59]} 58. Kh3 {[%clk 0:14:37]} Qxe6+ {[%clk 0:03:58]} 59. Qxe6
{[%clk 0:15:00]} fxe6 {[%clk 0:04:27]} 60. Rxe6 {[%clk 0:15:22]} Kg7
{[%clk 0:04:51]} 61. Kg4 {[%clk 0:15:41]} Ra2 {[%clk 0:05:13]} 62. Re4
{[%clk 0:15:46]} Ra5 {[%clk 0:05:28]} 63. Rb4 {[%clk 0:15:58]} Rc5
{[%clk 0:05:47]} 64. Kf4 {[%clk 0:16:10]} Rf5+ {[%clk 0:05:41]} 65. Ke4
{[%clk 0:16:26]} Ra5 {[%clk 0:04:24]} 66. g4 {[%clk 0:16:15]} Rc5
{[%clk 0:03:44]} 67. g5 {[%clk 0:14:19]} Ra5 {[%clk 0:02:25]} 68. Kf4
{[%clk 0:14:23]} Rc5 {[%clk 0:02:53]} 69. Kg4 {[%clk 0:14:13]} Rc1
{[%clk 0:02:16]} 70. Rb7+ {[%clk 0:14:20]} Kg8 {[%clk 0:02:37]} 71. Kf4
{[%clk 0:14:22]} Rc5 {[%clk 0:02:50]} 72. Re7 {[%clk 0:14:04]} Ra5
{[%clk 0:02:57]} 73. Re5 {[%clk 0:13:07]} Ra4+ {[%clk 0:03:22]} 74. Re4
{[%clk 0:13:32]} Ra5 {[%clk 0:03:51]} 75. Kg4 {[%clk 0:12:35]} Ra1
{[%clk 0:03:56]} 76. Kf4 {[%clk 0:12:34]} Ra5 {[%clk 0:04:25]} 77. Re6
{[%clk 0:12:07]} Kg7 {[%clk 0:04:29]} 78. Rd6 {[%clk 0:11:44]} Rf5+
{[%clk 0:03:58]} 79. Ke4 {[%clk 0:11:38]} Ra5 {[%clk 0:04:24]} 80. Rd5
{[%clk 0:11:51]} Ra7 {[%clk 0:02:59]} 81. Ke5 {[%clk 0:11:35]} Re7+
{[%clk 0:03:14]} 82. Kd4 {[%clk 0:09:50]} Ra7 {[%clk 0:03:16]} 83. Rc5
{[%clk 0:09:42]} Re7 {[%clk 0:02:17]} 84. Rc6 {[%clk 0:09:29]} Rd7+
{[%clk 0:02:03]} 85. Ke5 {[%clk 0:09:43]} Re7+ {[%clk 0:02:18]} 86. Kd5
{[%clk 0:09:39]} Re1 {[%clk 0:02:23]} 87. Re6 {[%clk 0:09:21]} Rd1+
{[%clk 0:02:47]} 88. Ke5 {[%clk 0:09:37]} Re1+ {[%clk 0:02:25]} 89. Kd6
{[%clk 0:10:01]} Rd1+ {[%clk 0:02:40]} 90. Kc5 {[%clk 0:08:34]} Rc1+
{[%clk 0:02:49]} 91. Kd5 {[%clk 0:08:00]} Rd1+ {[%clk 0:03:18]} 92. Kc4
{[%clk 0:06:47]} Rc1+ {[%clk 0:03:35]} 93. Kd3 {[%clk 0:06:55]} Rd1+
{[%clk 0:03:46]} 94. Kc3 {[%clk 0:06:44]} Rc1+ {[%clk 0:04:08]} 95. Kd4
{[%clk 0:05:44]} Rd1+ {[%clk 0:04:32]} 96. Ke5 {[%clk 0:05:44]} Re1+
{[%clk 0:04:57]} 97. Kd5 {[%clk 0:05:22]} Rd1+ {[%clk 0:05:13]} 1/2-1/2

[Event "World Senior Championship F50+/F65+"]
[Site "Katerini"]
[Date "2014.10.31"]
[Round "7.5"]
[White "Baliuniene, Margarita"]
[Black "Priedite, Ingrida"]
[Result "1-0"]
[WhiteElo "1961"]
[BlackElo "2225"]
[EventDate "2014.10.24"]

1. d4 {[%clk 1:30:58]} Nf6 {[%clk 1:30:50]} 2. c4 {[%clk 1:31:23]} e6
{[%clk 1:31:14]} 3. Nc3 {[%clk 1:31:45]} b6 {[%clk 1:30:06]} 4. Nf3
{[%clk 1:31:59]} Bb4 {[%clk 1:29:15]} 5. Qc2 {[%clk 1:29:43]} c5 {[%clk 1:24:33]}
6. a3 {[%clk 1:20:26]} Bxc3+ {[%clk 1:20:55]} 7. Qxc3 {[%clk 1:20:41]} Ne4
{[%clk 1:18:56]} 8. Qc2 {[%clk 1:20:16]} Bb7 {[%clk 1:19:07]} 9. e3
{[%clk 1:17:37]} O-O {[%clk 1:13:51]} 10. Bd3 {[%clk 1:17:03]} f5
{[%clk 1:12:46]} 11. O-O {[%clk 1:15:09]} d6 {[%clk 1:06:51]} 12. b4
{[%clk 1:12:31]} Nd7 {[%clk 0:49:13]} 13. Bb2 {[%clk 1:09:40]} Ng5
{[%clk 0:46:18]} 14. Nxg5 {[%clk 1:05:07]} Qxg5 {[%clk 0:46:39]} 15. f4
{[%clk 1:01:30]} Qg6 {[%clk 0:43:50]} 16. d5 {[%clk 0:54:37]} exd5
{[%clk 0:30:25]} 17. Rf3 {[%clk 0:54:15]} d4 {[%clk 0:30:47]} 18. Rg3
{[%clk 0:54:37]} Qe8 {[%clk 0:24:39]} 19. Bxf5 {[%clk 0:52:52]} Nf6
{[%clk 0:24:50]} 20. exd4 {[%clk 0:45:37]} Be4 {[%clk 0:20:30]} 21. Bxe4
{[%clk 0:45:59]} Qxe4 {[%clk 0:20:14]} 22. Qxe4 {[%clk 0:36:10]} Nxe4
{[%clk 0:20:38]} 23. Rg4 {[%clk 0:35:24]} Nf6 {[%clk 0:20:12]} 24. Rg5
{[%clk 0:31:56]} cxd4 {[%clk 0:18:09]} 25. Bxd4 {[%clk 0:30:48]} Rac8
{[%clk 0:18:29]} 26. Rc1 {[%clk 0:27:38]} g6 {[%clk 0:15:03]} 27. g3
{[%clk 0:21:56]} Kf7 {[%clk 0:12:17]} 28. f5 {[%clk 0:19:04]} gxf5
{[%clk 0:06:37]} 29. Rxf5 {[%clk 0:19:26]} Kg6 {[%clk 0:05:42]} 30. Rcf1
{[%clk 0:19:07]} Nd7 {[%clk 0:05:56]} 31. Rxf8 {[%clk 0:16:23]} Rxf8
{[%clk 0:06:16]} 32. Rxf8 {[%clk 0:15:06]} Nxf8 {[%clk 0:06:44]} 33. c5
{[%clk 0:15:05]} dxc5 {[%clk 0:07:06]} 34. bxc5 {[%clk 0:15:29]} bxc5
{[%clk 0:01:20]} 35. Bxc5 {[%clk 0:15:54]} Ne6 {[%clk 0:01:42]} 36. Bxa7
{[%clk 0:16:18]} Kf5 {[%clk 0:01:55]} 37. Kg2 {[%clk 0:14:31]} Ke4
{[%clk 0:02:05]} 38. a4 {[%clk 0:13:01]} Ng5 {[%clk 0:00:54]} 39. a5
{[%clk 0:13:10]} Kd5 {[%clk 0:01:09]} 40. Be3 {[%clk 0:43:09]} Ne6
{[%clk 0:31:16]} 41. a6 {[%clk 0:43:04]} 1-0

[Event "World Senior Championship F50+/F65+"]
[Site "Katerini"]
[Date "2014.10.31"]
[Round "7.6"]
[White "Bogumil, Tatiana"]
[Black "Khmiadashvili, Tamar"]
[Result "1-0"]
[WhiteElo "2149"]
[BlackElo "2090"]
[EventDate "2014.10.24"]

1. Nf3 {[%clk 1:30:51]} d5 {[%clk 1:30:45]} 2. c4 {[%clk 1:25:47]} e6
{[%clk 1:30:43]} 3. g3 {[%clk 1:23:43]} Nf6 {[%clk 1:30:54]} 4. Bg2
{[%clk 1:23:53]} Be7 {[%clk 1:30:40]} 5. O-O {[%clk 1:24:13]} O-O
{[%clk 1:31:04]} 6. b3 {[%clk 1:21:27]} a5 {[%clk 1:29:26]} 7. Bb2
{[%clk 1:16:28]} Nbd7 {[%clk 1:28:22]} 8. d4 {[%clk 1:14:57]} a4 {[%clk 1:24:54]}
9. c5 {[%clk 1:11:42]} Ne4 {[%clk 1:17:37]} 10. b4 {[%clk 1:10:55]} c6
{[%clk 1:13:28]} 11. a3 {[%clk 1:05:23]} f5 {[%clk 1:10:21]} 12. Nc3
{[%clk 1:02:08]} b5 {[%clk 1:03:36]} 13. cxb6 {[%clk 1:00:23]} Nxc3
{[%clk 0:59:12]} 14. Bxc3 {[%clk 1:00:42]} Qxb6 {[%clk 0:57:04]} 15. Bd2
{[%clk 0:50:49]} Ba6 {[%clk 0:47:14]} 16. Bf4 {[%clk 0:49:33]} Bc4
{[%clk 0:42:28]} 17. Rc1 {[%clk 0:47:21]} Bf6 {[%clk 0:29:29]} 18. Re1
{[%clk 0:46:16]} Rfe8 {[%clk 0:29:29]} 19. e3 {[%clk 0:38:51]} Qd8
{[%clk 0:19:00]} 20. h4 {[%clk 0:33:58]} h6 {[%clk 0:15:45]} 21. Nd2
{[%clk 0:27:24]} Bb5 {[%clk 0:12:56]} 22. h5 {[%clk 0:19:13]} e5 {[%clk 0:11:03]}
23. dxe5 {[%clk 0:19:28]} Nxe5 {[%clk 0:08:01]} 24. Bxe5 {[%clk 0:19:46]} Bxe5
{[%clk 0:07:55]} 25. Rc5 {[%clk 0:09:47]} Qf6 {[%clk 0:05:06]} 26. Bxd5+
{[%clk 0:09:27]} cxd5 {[%clk 0:05:17]} 27. Rxb5 {[%clk 0:09:53]} d4
{[%clk 0:04:06]} 28. Nf3 {[%clk 0:09:59]} d3 {[%clk 0:02:14]} 29. Nxe5
{[%clk 0:10:04]} Rxe5 {[%clk 0:02:38]} 30. Rxe5 {[%clk 0:10:28]} Qxe5
{[%clk 0:03:06]} 31. Qxd3 {[%clk 0:10:53]} Rc8 {[%clk 0:02:29]} 32. Qa6
{[%clk 0:09:37]} Qc3 {[%clk 0:01:56]} 33. Rd1 {[%clk 0:09:11]} Qc2
{[%clk 0:01:42]} 34. Qe6+ {[%clk 0:08:16]} Kh8 {[%clk 0:02:06]} 35. Qd7
{[%clk 0:08:20]} Rf8 {[%clk 0:02:01]} 36. Qd4 {[%clk 0:05:52]} Qe2
{[%clk 0:02:09]} 37. Rc1 {[%clk 0:05:39]} Qxh5 {[%clk 0:02:23]} 38. Rc7
{[%clk 0:05:42]} Qg6 {[%clk 0:02:23]} 39. b5 {[%clk 0:04:49]} Rf6
{[%clk 0:02:20]} 40. Qxa4 {[%clk 0:34:13]} Kh7 {[%clk 0:32:16]} 41. Qc4
{[%clk 0:33:38]} Qh5 {[%clk 0:28:12]} 42. Qd4 {[%clk 0:25:22]} Qf3
{[%clk 0:25:40]} 43. Qxf6 1-0

[Event "World Senior Championship F50+/F65+"]
[Site "Katerini"]
[Date "2014.10.31"]
[Round "7.7"]
[White "Ungure, Liga"]
[Black "Titorenko, Natalia I"]
[Result "0-1"]
[WhiteElo "1997"]
[BlackElo "2123"]
[EventDate "2014.10.24"]

1. e4 {[%clk 1:30:57]} c5 {[%clk 1:30:59]} 2. Nc3 {[%clk 1:25:36]} a6
{[%clk 1:26:23]} 3. g3 {[%clk 1:25:04]} Nc6 {[%clk 1:24:21]} 4. Bg2
{[%clk 1:25:13]} g6 {[%clk 1:24:08]} 5. d3 {[%clk 1:24:22]} Bg7 {[%clk 1:24:16]}
6. Be3 {[%clk 1:22:55]} d6 {[%clk 1:24:41]} 7. Qd2 {[%clk 1:19:56]} Rb8
{[%clk 1:23:17]} 8. Nh3 {[%clk 1:07:28]} Qa5 {[%clk 1:19:36]} 9. O-O
{[%clk 1:01:20]} Nd4 {[%clk 1:19:08]} 10. f4 {[%clk 1:00:24]} Nf6
{[%clk 1:16:44]} 11. Nf2 {[%clk 0:58:51]} Nd7 {[%clk 1:04:13]} 12. Rad1
{[%clk 0:50:41]} b5 {[%clk 1:04:19]} 13. a3 {[%clk 0:48:31]} Bb7 14. Kh1
{[%clk 0:38:20]} Bc6 {[%clk 0:40:59]} 15. g4 {[%clk 0:26:28]} h5 {[%clk 0:40:04]}
16. g5 {[%clk 0:22:40]} e6 {[%clk 0:38:37]} 17. h4 {[%clk 0:21:45]} O-O
{[%clk 0:35:13]} 18. Kh2 {[%clk 0:20:15]} Rfd8 {[%clk 0:28:47]} 19. Nh1
{[%clk 0:20:12]} Qc7 {[%clk 0:22:59]} 20. Ng3 {[%clk 0:20:00]} b4
{[%clk 0:20:58]} 21. axb4 {[%clk 0:20:12]} cxb4 {[%clk 0:18:05]} 22. Nb1
{[%clk 0:20:29]} Qb7 {[%clk 0:14:56]} 23. b3 {[%clk 0:17:42]} a5 {[%clk 0:13:56]}
24. Qf2 {[%clk 0:17:39]} Nb5 {[%clk 0:13:50]} 25. Nd2 {[%clk 0:17:02]} d5
{[%clk 0:11:58]} 26. exd5 {[%clk 0:17:05]} exd5 {[%clk 0:12:12]} 27. Nf3
{[%clk 0:16:08]} d4 {[%clk 0:11:28]} 28. Bc1 {[%clk 0:15:41]} Re8
{[%clk 0:10:17]} 29. Rde1 {[%clk 0:15:23]} Qc7 {[%clk 0:08:24]} 30. Ne4
{[%clk 0:09:18]} Rbd8 {[%clk 0:07:28]} 31. Re2 {[%clk 0:09:10]} f5
{[%clk 0:04:28]} 32. Ng3 {[%clk 0:07:57]} Bxf3 {[%clk 0:03:24]} 33. Bxf3
{[%clk 0:07:39]} Nc3 {[%clk 0:03:26]} 34. Rxe8+ {[%clk 0:06:35]} Rxe8
{[%clk 0:03:55]} 35. Re1 {[%clk 0:07:04]} Rxe1 36. Qxe1 {[%clk 0:07:33]} Kf7
{[%clk 0:03:56]} 37. Nxh5 {[%clk 0:05:03]} gxh5 {[%clk 0:03:14]} 38. Bxh5+
{[%clk 0:05:32]} Kg8 {[%clk 0:03:40]} 39. Qe6+ {[%clk 0:03:04]} Kh8
{[%clk 0:04:08]} 40. Bf7 {[%clk 0:31:22]} Na2 {[%clk 0:33:27]} 41. Qe8+
{[%clk 0:20:13]} Nf8 {[%clk 0:33:40]} 42. Bc4 {[%clk 0:15:38]} Nxc1
{[%clk 0:33:32]} 43. Qh5+ {[%clk 0:15:06]} Nh7 {[%clk 0:33:59]} 44. g6
{[%clk 0:13:35]} Qxf4+ {[%clk 0:33:31]} 45. Kh1 {[%clk 0:09:36]} Qf1+
{[%clk 0:33:35]} 46. Kh2 {[%clk 0:09:58]} Qe2+ {[%clk 0:33:55]} 0-1

[Event "World Senior Championship F50+/F65+"]
[Site "Katerini"]
[Date "2014.10.31"]
[Round "7.8"]
[White "Kabanova, Irina"]
[Black "Birkholz, Olga"]
[Result "1/2-1/2"]
[WhiteElo "1933"]
[BlackElo "2067"]
[EventDate "2014.10.24"]

1. e4 {[%clk 1:30:58]} b6 {[%clk 1:30:01]} 2. d4 {[%clk 1:31:06]} Bb7
{[%clk 1:30:15]} 3. Nc3 {[%clk 1:30:59]} e6 {[%clk 1:30:24]} 4. a3
{[%clk 1:25:23]} d6 {[%clk 1:30:08]} 5. Nf3 {[%clk 1:24:27]} g6 {[%clk 1:28:39]}
6. Be3 {[%clk 1:23:30]} Bg7 {[%clk 1:25:35]} 7. Bd3 {[%clk 1:21:38]} Nd7
{[%clk 1:24:10]} 8. Ne2 {[%clk 1:20:28]} Ngf6 {[%clk 1:17:41]} 9. Ng3
{[%clk 1:19:55]} Qe7 {[%clk 1:10:51]} 10. h3 {[%clk 1:18:42]} e5 {[%clk 1:05:17]}
11. d5 {[%clk 1:14:25]} O-O {[%clk 1:00:46]} 12. Qd2 {[%clk 1:05:44]} Nc5
{[%clk 0:57:26]} 13. Bh6 {[%clk 1:03:38]} Nxd3+ {[%clk 0:44:53]} 14. cxd3
{[%clk 1:03:57]} Rfe8 {[%clk 0:42:23]} 15. Bxg7 {[%clk 1:03:46]} Kxg7
{[%clk 0:42:05]} 16. Rc1 {[%clk 1:00:27]} c5 {[%clk 0:27:19]} 17. dxc6
{[%clk 0:53:48]} Bc8 {[%clk 0:26:33]} 18. O-O {[%clk 0:53:27]} h5
{[%clk 0:23:10]} 19. Qg5 {[%clk 0:49:26]} Kh7 {[%clk 0:19:43]} 20. Rfe1
{[%clk 0:47:35]} Ba6 {[%clk 0:18:04]} 21. Qd2 {[%clk 0:42:00]} Rac8
{[%clk 0:17:29]} 22. h4 {[%clk 0:26:02]} Bb5 {[%clk 0:16:56]} 23. c7
{[%clk 0:26:11]} Rxc7 {[%clk 0:12:49]} 24. Rxc7 {[%clk 0:26:04]} Qxc7
{[%clk 0:13:18]} 25. d4 {[%clk 0:19:20]} Qe7 {[%clk 0:08:58]} 26. d5
{[%clk 0:11:48]} Rc8 {[%clk 0:07:16]} 27. Ng5+ {[%clk 0:11:39]} Kg8
{[%clk 0:06:41]} 28. Re3 {[%clk 0:10:09]} Ng4 {[%clk 0:05:20]} 29. Rc3
{[%clk 0:07:57]} Ba6 {[%clk 0:04:27]} 30. Qc1 {[%clk 0:07:53]} Rxc3
{[%clk 0:04:15]} 31. Qxc3 {[%clk 0:08:20]} Qd7 {[%clk 0:04:26]} 32. Nf1
{[%clk 0:06:51]} Qc8 {[%clk 0:04:43]} 33. Qxc8+ {[%clk 0:06:54]} Bxc8
{[%clk 0:05:12]} 34. Nd2 {[%clk 0:07:00]} Ba6 {[%clk 0:05:19]} 35. Ngf3
{[%clk 0:05:52]} Nf6 {[%clk 0:05:34]} 36. Ne1 {[%clk 0:06:01]} Kf8
{[%clk 0:05:37]} 37. f3 {[%clk 0:06:16]} Ne8 {[%clk 0:04:41]} 38. Kf2
{[%clk 0:06:32]} f5 {[%clk 0:04:38]} 39. Ke3 {[%clk 0:06:44]} f4+
{[%clk 0:04:25]} 40. Kf2 {[%clk 0:36:50]} Nc7 {[%clk 0:34:22]} 41. g3
{[%clk 0:36:35]} fxg3+ {[%clk 0:30:41]} 42. Kxg3 {[%clk 0:36:59]} Be2
{[%clk 0:29:07]} 43. f4 {[%clk 0:36:02]} exf4+ {[%clk 0:27:59]} 44. Kxf4
{[%clk 0:36:30]} Kf7 {[%clk 0:28:19]} 45. Ndf3 1/2-1/2

[Event "World Senior Championship F50+/F65+"]
[Site "Katerini"]
[Date "2014.10.31"]
[Round "7.9"]
[White "Abdikasova, Panu"]
[Black "Sinchurina, Tatiana"]
[Result "1/2-1/2"]
[WhiteElo "1981"]
[BlackElo "1985"]
[EventDate "2014.10.24"]

1. d4 {[%clk 1:30:56]} Nf6 {[%clk 1:30:29]} 2. Nf3 {[%clk 1:30:56]} e6
{[%clk 1:30:29]} 3. c4 {[%clk 1:30:56]} d5 {[%clk 1:31:14]} 4. Bg5
{[%clk 1:32:10]} Be7 {[%clk 1:30:10]} 5. Nc3 {[%clk 1:32:23]} b6 {[%clk 1:29:34]}
6. cxd5 {[%clk 1:31:48]} Nxd5 {[%clk 1:28:31]} 7. Bxe7 {[%clk 1:32:10]} Nxe7
{[%clk 1:27:57]} 8. e3 {[%clk 1:31:34]} Bb7 {[%clk 1:27:21]} 9. Be2
{[%clk 1:30:35]} Nd7 {[%clk 1:27:08]} 10. Rc1 {[%clk 1:30:04]} O-O
{[%clk 1:26:49]} 11. O-O {[%clk 1:30:27]} c5 {[%clk 1:25:40]} 12. Qd2
{[%clk 1:26:52]} cxd4 {[%clk 1:24:09]} 13. Qxd4 {[%clk 1:26:23]} Nf6
{[%clk 1:21:08]} 14. Qa4 {[%clk 1:24:22]} Bc6 {[%clk 1:12:32]} 15. Qb3
{[%clk 1:23:29]} Ned5 {[%clk 1:09:13]} 16. Rfd1 {[%clk 1:21:44]} Qe7
{[%clk 1:06:35]} 17. Nd4 {[%clk 1:11:26]} Bb7 {[%clk 1:05:34]} 18. Bf3
{[%clk 1:10:37]} Nxc3 {[%clk 1:01:33]} 19. Bxb7 {[%clk 1:07:37]} Qxb7
{[%clk 1:01:55]} 20. Rxc3 {[%clk 1:07:57]} Rac8 {[%clk 1:00:15]} 21. Rcd3
{[%clk 1:01:56]} Rfd8 {[%clk 0:58:12]} 22. Nb5 {[%clk 0:56:27]} Rxd3
{[%clk 0:56:19]} 23. Qxd3 {[%clk 0:56:52]} Qd5 {[%clk 0:42:14]} 24. Qxd5
{[%clk 0:54:06]} exd5 {[%clk 0:41:35]} 25. Nc3 {[%clk 0:52:57]} Kf8
{[%clk 0:39:34]} 26. Kf1 {[%clk 0:53:15]} Rc5 {[%clk 0:37:48]} 27. f3
{[%clk 0:51:02]} b5 {[%clk 0:37:31]} 28. a3 {[%clk 0:47:52]} a5 {[%clk 0:37:11]}
29. Rd4 {[%clk 0:46:36]} Ke7 {[%clk 0:35:11]} 30. Ke2 {[%clk 0:46:59]} Ke6
{[%clk 0:34:33]} 31. Kd3 {[%clk 0:46:39]} Nd7 {[%clk 0:32:28]} 32. f4
{[%clk 0:43:12]} f5 {[%clk 0:29:57]} 33. b4 {[%clk 0:42:41]} axb4
{[%clk 0:29:35]} 34. axb4 {[%clk 0:43:07]} Rc4 {[%clk 0:29:20]} 35. Nxb5
{[%clk 0:43:19]} Rc1 36. Nc3 {[%clk 0:41:21]} Nb6 {[%clk 0:27:57]} 37. g3
{[%clk 0:37:28]} Rh1 {[%clk 0:27:23]} 38. h4 Rg1 {[%clk 0:26:40]} 39. Ne2
{[%clk 0:37:33]} Rb1 {[%clk 0:26:32]} 40. Kc2 {[%clk 0:58:31]} Re1
{[%clk 0:55:59]} 41. Kd2 {[%clk 0:56:47]} Rb1 {[%clk 0:55:58]} 42. Kc2
{[%clk 0:51:28]} 1/2-1/2

[Event "World Senior Championship F50+/F65+"]
[Site "Katerini"]
[Date "2014.10.31"]
[Round "7.10"]
[White "Hoose, Hannelore"]
[Black "Strutinskaia, Galina"]
[Result "0-1"]
[WhiteElo "1757"]
[BlackElo "2287"]
[EventDate "2014.10.24"]

1. e4 {[%clk 1:30:57]} c5 {[%clk 1:30:55]} 2. c3 {[%clk 1:31:19]} Nf6
{[%clk 1:30:28]} 3. e5 {[%clk 1:31:23]} Nd5 {[%clk 1:30:55]} 4. Nf3
{[%clk 1:28:27]} e6 {[%clk 1:30:04]} 5. d4 {[%clk 1:26:56]} cxd4 {[%clk 1:30:17]}
6. cxd4 {[%clk 1:26:02]} b6 {[%clk 1:30:05]} 7. Bc4 {[%clk 1:21:36]} Bb7
{[%clk 1:29:25]} 8. O-O {[%clk 1:19:50]} Be7 {[%clk 1:29:30]} 9. a3
{[%clk 1:16:16]} O-O {[%clk 1:27:56]} 10. Bd2 {[%clk 1:05:53]} f5
{[%clk 1:26:17]} 11. Be2 {[%clk 1:01:51]} g5 {[%clk 1:25:55]} 12. Nc3
{[%clk 1:00:12]} g4 {[%clk 1:24:35]} 13. Ne1 {[%clk 0:57:35]} d6 {[%clk 1:23:55]}
14. Nxd5 {[%clk 0:56:37]} Bxd5 {[%clk 1:24:14]} 15. Bf4 {[%clk 0:56:39]} Nc6
{[%clk 1:24:14]} 16. Rc1 {[%clk 0:52:10]} Rf7 {[%clk 1:20:11]} 17. Rc3
{[%clk 0:49:40]} h5 {[%clk 1:19:22]} 18. f3 {[%clk 0:49:04]} dxe5
{[%clk 1:18:48]} 19. dxe5 {[%clk 0:48:42]} Bc5+ {[%clk 1:18:55]} 20. Kh1
{[%clk 0:47:05]} Rd7 {[%clk 1:16:35]} 21. Rd3 {[%clk 0:46:07]} a5
{[%clk 1:16:18]} 22. Rd2 {[%clk 0:40:13]} Raa7 {[%clk 1:15:26]} 23. Bb5
{[%clk 0:37:57]} Qh4 {[%clk 1:15:18]} 24. Qe2 {[%clk 0:34:47]} gxf3
{[%clk 1:14:40]} 25. Qd1 {[%clk 0:33:32]} Qxf4 {[%clk 1:14:40]} 26. Bxc6
{[%clk 0:33:34]} Bxc6 {[%clk 1:15:04]} 27. Nxf3 {[%clk 0:33:10]} Rxd2
{[%clk 1:14:05]} 28. Nxd2 {[%clk 0:32:21]} Qg4 {[%clk 1:13:12]} 29. Nf3
{[%clk 0:32:05]} Rg7 {[%clk 1:13:12]} 30. Qd2 {[%clk 0:30:18]} Bd5
{[%clk 1:06:34]} 31. Ne1 {[%clk 0:26:51]} Qe4 {[%clk 1:04:06]} 32. Nf3
{[%clk 0:25:02]} Qe3 {[%clk 1:04:18]} 33. Qd1 {[%clk 0:23:37]} Bxf3
{[%clk 1:04:06]} 34. Rxf3 {[%clk 0:22:59]} Qxe5 {[%clk 1:04:26]} 35. Rd3
{[%clk 0:21:37]} f4 {[%clk 1:04:15]} 36. h3 {[%clk 0:19:32]} f3 {[%clk 1:03:03]}
37. Rd8+ {[%clk 0:08:04]} Kh7 {[%clk 1:03:05]} 38. Qxf3 {[%clk 0:07:26]} Qe1+
{[%clk 1:02:30]} 39. Kh2 {[%clk 0:07:34]} Qg1# {[%clk 1:02:52]} 0-1

[Event "World Senior Championship F50+/F65+"]
[Site "Katerini"]
[Date "2014.10.31"]
[Round "7.11"]
[White "Pelias, Marilyn"]
[Black "Sand, Rosemarie"]
[Result "0-1"]
[WhiteElo "1613"]
[BlackElo "1651"]
[EventDate "2014.10.24"]

1. e4 {[%clk 1:30:55]} c5 {[%clk 1:30:53]} 2. d4 {[%clk 1:31:17]} cxd4
{[%clk 1:31:10]} 3. c3 {[%clk 1:31:41]} dxc3 {[%clk 1:31:28]} 4. Nxc3
{[%clk 1:32:02]} Nc6 {[%clk 1:31:14]} 5. Nf3 {[%clk 1:31:56]} d6 {[%clk 1:31:01]}
6. Bc4 {[%clk 1:32:08]} a6 {[%clk 1:31:02]} 7. O-O {[%clk 1:31:00]} Nf6
{[%clk 1:31:05]} 8. Qe2 {[%clk 1:26:02]} Bg4 {[%clk 1:28:43]} 9. Rd1
{[%clk 1:24:55]} e6 {[%clk 1:27:02]} 10. Bg5 {[%clk 1:20:36]} Bxf3
{[%clk 1:16:24]} 11. gxf3 {[%clk 1:16:30]} Qa5 {[%clk 1:07:10]} 12. Bd2
{[%clk 1:11:12]} Qh5 {[%clk 1:06:03]} 13. Bf4 {[%clk 1:04:42]} Ne5
{[%clk 1:01:03]} 14. Bxe5 {[%clk 0:59:02]} Qxe5 {[%clk 0:59:16]} 15. Qe3
{[%clk 0:50:16]} Qc5 {[%clk 0:52:45]} 16. Qd3 {[%clk 0:41:59]} Be7
{[%clk 0:46:02]} 17. Ne2 {[%clk 0:39:29]} O-O {[%clk 0:45:14]} 18. Rac1
{[%clk 0:38:59]} Qe5 {[%clk 0:42:41]} 19. Rc2 {[%clk 0:35:14]} Rfd8
{[%clk 0:35:43]} 20. Ng3 {[%clk 0:30:25]} d5 {[%clk 0:31:36]} 21. exd5
{[%clk 0:28:30]} Nxd5 {[%clk 0:30:44]} 22. Re2 {[%clk 0:24:25]} Qg5
{[%clk 0:29:52]} 23. Qb3 {[%clk 0:21:57]} Nf4 {[%clk 0:25:33]} 24. Rxd8+
{[%clk 0:19:09]} Rxd8 {[%clk 0:25:34]} 25. Re1 {[%clk 0:17:57]} b5
{[%clk 0:24:23]} 26. Bf1 {[%clk 0:18:03]} h5 {[%clk 0:23:20]} 27. Kh1
{[%clk 0:16:42]} Ng6 {[%clk 0:19:44]} 28. Ne4 {[%clk 0:14:44]} Qf4
{[%clk 0:18:59]} 29. Ng3 {[%clk 0:13:56]} h4 {[%clk 0:17:30]} 30. Nh5
{[%clk 0:14:03]} Qf5 {[%clk 0:15:51]} 31. Bh3 {[%clk 0:09:06]} Qxh3
{[%clk 0:14:42]} 32. Qc3 {[%clk 0:08:40]} Bf8 {[%clk 0:13:05]} 33. Qc7
{[%clk 0:05:58]} Rd5 {[%clk 0:11:55]} 34. Nf4 {[%clk 0:03:05]} Qxf3+
{[%clk 0:11:30]} 35. Ng2 {[%clk 0:01:32]} h3 {[%clk 0:11:23]} 36. Rg1
{[%clk 0:01:32]} hxg2+ {[%clk 0:11:31]} 37. Rxg2 {[%clk 0:01:53]} Rd1#
{[%clk 0:11:48]} 0-1